The golden book encyclopedia vol xii-paricutin to quicksand
I tiakina i:
| Kaituhi matua: | |
|---|---|
| Hōputu: | Pukapuka |
| Reo: | Ingarihi |
| I whakaputaina: |
Golden Press
1959
|
| Tags: |
Tāpirihia he Tūtohu
No Tags, Be the first to tag this record!
|
MARC
| LEADER | 00000nam a22000007a 4500 | ||
|---|---|---|---|
| 008 | 210616b ||||| |||| 00| 0 eng d | ||
| 100 | |a PARKER, Bertha Morris. | ||
| 245 | |a The golden book encyclopedia |b vol xii-paricutin to quicksand |c Bertha Morris Parker |g (v.p); ill. | ||
| 260 | |b Golden Press |c 1959 |h New York |i 694201 |l AG5 .P21 |m Children’s encyclopedias and dictionaries. | ||
| 942 | |a lcc |c BK |e YUNUSA, A.A. |f 16/6/21 | ||
| 952 | |0 0 |1 0 |2 lcc |4 0 |6 AG0005 P21 |7 0 |9 2623 |a HOL |b HOL |c AF |d 2021-06-16 |l 0 |o AG5 .P21 |p 2021-6471 |r 2021-06-16 00:00:00 |w 2021-06-16 |y BK | ||
| 999 | |c 1373 |d 1373 | ||